Omar Rudberg Songs (Updated October 2025) - Statistics

General Stats
  • This quiz has been taken 38 times
  • The average score is 33 of 49
Answer Stats
Hint Answer % Correct
Every Night Fantasy Girlfriend
100%
Every Night Fantasy Lose Me
100%
Every Night Fantasy Talk
100%
Every Night Fantasy Bye Bye
93%
Omar Covers It Takes A Fool To Remain Sane
93%
Every Night Fantasy Red Light
93%
Omar Covers Remember
93%
Omar Covers Symphony
93%
OMR Coast Side
86%
Singles I'm Not a Boy
86%
OMR Mi Casa Su Casa
86%
Så mycket bättre 2023 - Tolkningarna Om du inte fanns (Don't Wait)
86%
Every Night Fantasy Sabotage
86%
Every Night Fantasy Wrong
86%
OMR Como Ayer
79%
OMR In The Sunrise
79%
Singles LÄPPAR
79%
Every Night Fantasy Luz Roja
79%
OMR Mama
79%
Så mycket bättre 2023 - Tolkningarna Min första (I Will Always Be Your Soldier)
79%
Singles Dying
71%
Singles Happier
71%
Singles Malandro
71%
OMR Pull Up
71%
Singles Alla Ba OUFF
64%
Så mycket bättre 2023 - Tolkningarna Höj ett glas (Fanfar)
64%
OMR Moving Like That
64%
Singles Nakna
64%
Singles QUE PASA
64%
OMR Que Puedo Hacer?
64%
Singles Simon's Song
64%
Singles Yo Dije OUFF
64%
Singles Call Me By Your Name
57%
Singles Dum
57%
Singles She Fell In Love In The Summer
57%
Singles Jag e nån annan
50%
Singles La Mesa
50%
Singles No Soy un Hombre
50%
Singles Om om och om igen
50%
OMR Breathe
43%
Singles I'm So Excited
43%
OMR La Incondicional
43%
Singles Off My Mind (feat. Jubël)
43%
Singles på min telephone toda la noche
43%
Featured All In My Head - FDVM
36%
Featured Dale Bye - Dale Bye
29%
Singles Todo De Ti (All That She Wants)
29%
Featured Bebezinho - Bianca Costa
21%
Featured Du är där - Sakarias
21%
No matching quizzes found
Score Distribution
Percent of People with Each Score
Percentile by Number Answered
Your Score History
You have not taken this quiz